000 00551nam a22002057a 4500
001 32551
003 BD-RjUL
005 20211209051844.0
008 140427s1978 bg ||||| |||| 00| 0 eng d
035 _a(BD-RjUL)32640
040 _aBD-RjUL
_beng
_cBD-RjUL
_dBD-RjUL
041 _aeng
082 0 0 _bHAK 1978
_a297.1977
100 1 _a Hasan, Rashidul
_999022
245 1 0 _aKhateman nabiyeen /
_cby Rashidul Hasan
260 _aDacca :
_bmumin hassan,
_c1978.
300 _axx, 126p. ;
_c20cm.
650 0 _aCommunism and Islam
_998743
942 _2ddc
_cBK
999 _c32551
_d32551